[Event "Saint Louis Invitational-A 2018"]
[Site "Saint Louis"]
[Date "2018.11.18"]
[Round "4"]
[White "Kiewra, Keaton"]
[Black "Niemann, Hans"]
[Result "0-1"]
[WhiteElo "2364"]
[BlackElo "2439"]
[Annotator "TA"]
[PlyCount "130"]
[EventDate "2018.11.16"]
[EventType "tourn"]
[EventCountry "USA"]
[SourceTitle "playchess.com"]
[Source "ChessBase"]
[SourceQuality "1"]

{[%evp 18,130,0,0,0,0,20,0,21,37,26,0,16,-12,0,0,0,-28,-20,-22,-31,-39,0,0,0,0,0,0,0,0,-14,-60,0,-32,42,19,132,245,220,226,220,167,243,118,119,114,131,93,114,143,205,178,167,0,0,-266,-262,-254,-260,-260,-221,-247,-166,-530,-527,-522,-514,-428,-339,-350,-347,-351,-324,-240,-318,-311,-285,-237,-120,-412,-404,-672,-672,-643,-629,-706,-673,-662,-71,-71,-71,-71,-71,-173,-173,-175,-175,-175,-175,-184,-184,-191,-191,-199,-200,-4132,-2043,-6382,-6391,-5699,-6260,-5800,-5654,-5650,-5474]} 1. Nf3 d5 2. e3 Nf6 3. c4 e6 4. b3 Be7 5. Bb2 b6 (5... dxc4 6. bxc4 c5 7. Nc3 b6 8. g4 Bb7 9. g5 Nfd7 10. h4 Ne5 11. Nxe5 Bxh1 12. Qa4+ Nd7 13. f3 {0-1 (49) Mamedyarov,S (2801)-Nakamura,H (2777) Saint Louis 2018}) 6. Be2 {A13: English Opening: 1...e6} dxc4 7. bxc4 Bb7 8. O-O O-O 9. d4 c5 10. Nbd2 {LiveBook: 5 Games} cxd4 $146 ({Predecessor:} 10... Qc7 11. Qc2 Rd8 12. Rfd1 Nbd7 13. a4 Rac8 14. a5 h6 15. Bc3 Bc6 16. axb6 axb6 {½-½ (40) Demidenko,V (2255)-Bolschakov,A (2348) Russia 2000}) 11. exd4 Ne4 12. a4 Nd7 13. Nxe4 Bxe4 14. Nd2 Bb7 15. Nb3 Qc7 16. a5 Rfd8 17. a6 Be4 18. Nd2 Bg6 19. Bf3 Rac8 20. Bb7 $36 {[%mdl 2048] White is more active.} Rb8 21. Qe2 Bf6 {Threatening ...Nc5!} 22. Nf3 Bh5 23. Rfe1 Nf8 24. Rad1 Ng6 (24... Rd7 $1 $15) 25. g3 {[%cal Bg2g3,Bg3g4][%mdl 32]} Ne7 (25... Rd7 $15) 26. h3 $14 {Black must now prevent g4.} h6 (26... Bxf3 $11 27. Bxf3 Rd6) 27. g4 $1 $16 {[%cal Rg4h5]} Bg6 28. d5 $1 Bxb2 29. Qxb2 h5 (29... Qxc4 $142 30. Rc1 Qf4) 30. Ne5 (30. Qa3 $18 {and White stays clearly on top.} Qc5 31. Qxc5 bxc5 32. d6 (32. dxe6 hxg4 33. hxg4 f6 $18)) 30... hxg4 31. hxg4 Rd6 32. dxe6 Rxe6 33. Bd5 Rf6 (33... Rd6 $16) 34. Nd7 $18 Nxd5 35. Rxd5 $2 ({White has to play} 35. Nxb8 $18 Rf4 36. f3 (36. cxd5 $2 Rxg4+ 37. Kf1 Qh2 $19) (36. Re8+ Kh7 $16) 36... Rxf3 37. Re8+ (37. cxd5 Rg3+ 38. Kh1 Rh3+ 39. Kg1 Qf4 $19) 37... Kh7 38. Qh2+ (38. cxd5 $2 Rg3+ {[%mdl 64] Double Attack} 39. Kh1 Rh3+ 40. Kg1 Rg3+ {[%mdl 64] Double Attack} 41. Kh1 Rh3+ 42. Kg1 Rg3+ $19 {[%mdl 64] Double Attack}) (38. Rxd5 Rg3+ {[%mdl 64] Double Attack} 39. Kh2 Rc3+ 40. Kh1 Rh3+ 41. Kg1 Rg3+ {[%mdl 64] Double Attack} 42. Kh2 Rc3+ 43. Kh1 Rh3+ 44. Kg1 Rg3+ $17 {[%mdl 64] Double Attack}) 38... Qxh2+ 39. Kxh2) 35... Rf4 $11 36. Qe2 $2 {[%mdl 8192]} (36. Nxb8 $11 Rxg4+ 37. Kf1) 36... Re4 $19 37. Qxe4 Bxe4 38. Rxe4 Rc8 39. g5 Qc6 40. f3 $2 (40. Ne5 {is tougher.} Qe8 41. Red4) 40... b5 41. Ne5 Qxa6 42. Rxb5 Qa1+ 43. Kg2 Qc1 44. g6 Qd2+ 45. Kg3 fxg6 $1 46. Nxg6 {Threatens to win with Ne7+.} Qd6+ 47. Ne5 Qd1 (47... Rc5 $1 $19 {Strongly threatening ...a5.} 48. f4 Rxb5 49. cxb5 Qc5) 48. Rb7 $2 {[%mdl 8192]} (48. Rd5 $17 {was the only defense.} Qg1+ 49. Kh3) 48... a5 49. c5 (49. Re7 $142 Qg1+ 50. Kh3) 49... Qg1+ 50. Kh3 Qxc5 51. Rc4 Qf8 {Hoping for ...Rxc4.} ({Weaker is} 51... Qxe5 52. Rxc8+ Kh7 53. Rc4 $15) 52. Rg4 {White hopes to continue with Rf7.} Re8 $2 (52... Qf6 $19 53. Rb5 Qa6) 53. Rf7 $17 Rxe5 54. Rxf8+ Kxf8 {[%mdl 4096] Endgame KR-KR} 55. Rc4 (55. Kg3 $17) 55... Re7 $1 $19 56. Kg4 Ra7 $1 {aiming for ...a4.} 57. Ra4 Ke7 58. Kf4 Kd6 59. Ke3 Kc5 60. Kd2 Kb5 $1 {[%cal Rb5a4]} 61. Ra1 $2 (61. Ra3) 61... a4 {[%cal Ba5a4,Ba4a3][%mdl 32] Black is clearly winning.} 62. Kc2 {[#]} a3 $1 {[%cal Ra3a2]} 63. Ra2 Kc4 64. Kb1 {[#]} Kd3 $1 65. Rg2 Ke3 {Accuracy: White = 46%, Black = 63%.} 0-1

[Event "Saint Louis Invitational-A 2018"]
[Site "Saint Louis"]
[Date "2018.11.18"]
[Round "5"]
[White "Shtembuliak, Evgeny"]
[Black "Kevlishvili, Robby"]
[Result "1-0"]
[WhiteElo "2487"]
[BlackElo "2451"]
[Annotator "TA"]
[PlyCount "107"]
[EventDate "2018.11.16"]
[EventType "tourn"]
[EventCountry "USA"]
[SourceTitle "playchess.com"]
[Source "ChessBase"]
[SourceQuality "1"]

{[%evp 13,107,62,62,63,64,59,67,55,65,69,60,47,60,53,70,53,71,66,89,81,81,74,75,79,115,105,145,140,157,162,157,156,158,145,169,177,175,150,171,154,160,164,179,195,188,90,106,87,89,68,187,177,191,194,174,168,227,177,182,154,206,175,290,239,246,247,250,252,256,238,458,458,458,444,496,467,866,687,675,659,595,435,435,433,426,420,395,395,391,381,758,744,949,949,921,898]} 1. c4 e5 2. Nc3 Bb4 3. Nd5 Bc5 4. e3 c6 5. d4 Bf8 (5... cxd5 6. dxc5 Qa5+ 7. Bd2 Qxc5 8. Qg4 g6 9. b4 Qd6 10. cxd5 Nf6 11. Qc4 Na6 12. Rc1 b6 {1-0 (64) So,W (2812)-Bacrot,E (2708) Paris 2017}) 6. Nc3 {A21: English Opening: 1...e5 2 Nc3} d6 7. Nf3 Nd7 {LiveBook: 4 Games} 8. Be2 {White is slightly better.} Ngf6 9. Qc2 Be7 10. O-O O-O 11. Rd1 Qc7 12. b4 $146 ({Predecessor:} 12. Bd2 Re8 13. b4 Bf8 {½-½ (77) Bruno,F (2453)-Laketic,G (2451) Positano 2008}) 12... Re8 13. Bb2 Nf8 14. a4 Ng6 15. a5 a6 16. Na4 Bg4 17. h3 Bxf3 18. Bxf3 Bf8 19. d5 Nh4 20. Be2 cxd5 21. Nb6 Rab8 22. Nxd5 Nxd5 23. Rxd5 Qe7 24. g3 {And now c5 would win.} Ng6 25. Rad1 Qc7 26. Qe4 Rbd8 27. Bd3 Be7 28. h4 Nf8 29. h5 (29. Bc2 $18 {has better winning chances.}) 29... g6 $16 {and if ...Nd7 works, Black does fine.} 30. hxg6 hxg6 31. c5 {Black must now prevent Bc4.} dxc5 {[#]} (31... Nh7 $1 $14) 32. Bc4 $1 $36 {[%cal Bd3c4,Bc4b3,Bb3d5][%mdl 2080] White is in control.} (32. Bxe5 Bd6 $14) 32... Rxd5 33. Rxd5 ({Much less strong is} 33. Qxd5 $6 Bf6 $14) 33... Bf6 34. Rxc5 Qd7 (34... Qe7 {was necessary.} 35. Bd5 Rd8) 35. Rd5 (35. Bxe5 $6 Bg7) 35... Qc7 36. Kg2 Bg7 (36... Kg7 $16 {keeps fighting.} 37. f4 Kg8) 37. Bb3 Bf6 (37... Ne6 {was called for.} 38. Bxe5 Qc6) 38. Rc5 Qe7 39. Bd5 Rb8 40. Qc4 Rd8 41. e4 Rd7 $2 (41... Ne6) 42. b5 axb5 43. Rxb5 Ne6 44. Qc8+ Nd8 {[#]} (44... Kh7 $142 45. Rxb7 Rxb7 46. Qxb7 Qxb7 47. Bxb7 Bd8) 45. Ba3 $1 {[%mdl 512]} Qe8 (45... Qxa3 46. Qxd7) 46. a6 bxa6 47. Bc6 Rc7 48. Qxc7 {Intending Rb8 and mate.} ({Less strong is} 48. Bxe8 Rxc8 49. Rb6 Ne6 $14) 48... Qxc6 49. Qxc6 Nxc6 {KRB-KBN} 50. Rb6 {[%mdl 64] Double Attack} Be7 51. Bb2 ({Don't take} 51. Rxc6 Bxa3 52. Rxa6 Bc1 $18) 51... Na5 $2 (51... Nd4 52. Rxa6 Kf8) 52. Bxe5 {White is clearly winning.} Nc4 53. Rb8+ Bf8 54. Bd4 {Accuracy: White = 64%, Black = 48%.} 1-0

[Event "Saint Louis Invitational-A 2018"]
[Site "Saint Louis"]
[Date "2018.11.18"]
[Round "5"]
[White "Patel, Advait"]
[Black "Gurevich, Dmitry"]
[Result "1/2-1/2"]
[WhiteElo "2467"]
[BlackElo "2393"]
[Annotator "TA"]
[PlyCount "47"]
[EventDate "2018.11.16"]
[EventType "tourn"]
[EventCountry "USA"]
[SourceTitle "playchess.com"]
[Source "ChessBase"]
[SourceQuality "1"]

{[%evp 12,47,7,8,0,0,43,10,10,24,61,55,53,51,112,94,95,103,102,102,102,75,94,27,22,0,0,-11,12,2,4,4,0,0,62,14,16,15]} 1. Nf3 Nf6 2. g3 d5 3. Bg2 c6 4. O-O Bf5 5. d3 e6 6. c4 dxc4 7. dxc4 Nbd7 {A11: English Opening: 1...c6} (7... Qxd1 8. Rxd1 Bc2 9. Rf1 Nbd7 10. Nc3 Bb4 11. Bd2 a5 12. a3 Bxc3 13. Bxc3 a4 14. Rac1 Be4 15. Rfd1 {0-1 (86) Carlsen,M (2832)-Grischuk,A (2761) Paris 2017}) 8. Nc3 Bc5 9. Bf4 $146 ({Predecessor:} 9. Nd4 Bg6 10. Bg5 O-O 11. Rc1 Qb6 12. Na4 Qa6 13. Bxf6 gxf6 14. Nb3 Qxa4 15. Qxd7 {1-0 (34) Diehl,K (2082)-Geis,J (1189) Zweibruecken 2013}) 9... Nb6 10. Ne5 O-O 11. e4 Bg6 12. Qe2 Qe7 (12... Bh5 $14 13. g4 Bg6) 13. Nxg6 hxg6 14. e5 Nh5 15. Bd2 {Strongly threatening g4.} f5 16. exf6 gxf6 {[%cal Bg7f6,Bf6f5][%mdl 32]} 17. Rad1 (17. Ne4 $16) 17... f5 $1 $11 18. Rfe1 Rae8 19. Bf3 Ng7 20. Bf4 g5 21. Be5 g4 22. Bg2 Rf7 ({Black should play} 22... Nd7 $11) 23. Rd2 Nd7 24. Red1 {Accuracy: White = 30%, Black = 59%.} 1/2-1/2

[Event "Saint Louis Invitational-A 2018"]
[Site "Saint Louis"]
[Date "2018.11.18"]
[Round "5"]
[White "Boros, Denes"]
[Black "Kiewra, Keaton"]
[Result "1-0"]
[WhiteElo "2442"]
[BlackElo "2364"]
[Annotator "TA"]
[PlyCount "45"]
[EventDate "2018.11.16"]
[EventType "tourn"]
[EventCountry "USA"]
[SourceTitle "playchess.com"]
[Source "ChessBase"]
[SourceQuality "1"]

{[%evp 11,45,31,45,21,15,0,0,-36,-34,-35,0,7,0,-7,-14,-2,46,45,37,34,149,143,265,268,264,269,467,459,443,456,465,489,485,456,448,448]} 1. e4 c5 2. Nc3 a6 3. Nge2 e6 4. g3 Nc6 5. Bg2 Nf6 6. O-O {B23: Closed Sicilian: Lines without g3} Qc7 {LiveBook: 26 Games} (6... b5 7. d3 Bb7 8. Be3 Be7 9. h3 O-O 10. g4 d5 11. exd5 Nxd5 12. Nxd5 exd5 13. d4 cxd4 14. Nxd4 {½-½ (40) McShane,L (2706)-Caruana,F (2770) Moscow 2012}) 7. a4 Be7 8. h3 {The position is equal.} O-O 9. f4 $146 {[%cal Bf2f4,Bf4f5][%mdl 32]} ({Predecessor:} 9. d3 Rb8 10. g4 d6 11. Ng3 b5 12. axb5 axb5 {1-0 (29) Alonso Moyano,J (2406)-Patil,P (2181) Barbera del Valles 2015}) 9... d5 10. d3 Rb8 11. exd5 exd5 {[%cal Be6d5,Bd5d4][%mdl 32]} 12. f5 $1 Nb4 13. Nf4 d4 14. Ne4 Bd7 15. Nh5 $36 {[%mdl 2048] White has the initiative.} Nxe4 (15... Nxh5 $1 $14 16. Qxh5 Nd5) 16. Bxe4 $16 {[#] Threatens to win with Bf4.} f6 (16... Kh8 $16 {was necessary.}) 17. c3 $18 dxc3 18. bxc3 Qe5 $2 (18... Bd6 19. cxb4 cxb4) 19. Qb3+ {White is clearly winning.} c4 20. Qxc4+ Kh8 21. Bf4 {[%mdl 64] [#] Skewer} Qc5+ 22. Qxc5 Bxc5+ 23. d4 {Accuracy: White = 73%, Black = 38%.} 1-0

[Event "Saint Louis Invitational-A 2018"]
[Site "Saint Louis"]
[Date "2018.11.18"]
[Round "5"]
[White "Niemann, Hans"]
[Black "Balakrishnan, Praveen"]
[Result "1/2-1/2"]
[WhiteElo "2439"]
[BlackElo "2409"]
[Annotator "TA"]
[PlyCount "141"]
[EventDate "2018.11.16"]
[EventType "tourn"]
[EventCountry "USA"]
[SourceTitle "playchess.com"]
[Source "ChessBase"]
[SourceQuality "1"]

{[%evp 18,141,50,31,75,65,76,73,78,62,60,64,89,25,26,23,24,9,29,20,32,-14,37,36,29,23,33,41,35,33,51,40,55,37,83,30,37,8,11,12,16,8,14,0,0,0,8,8,8,0,8,8,20,8,8,8,20,0,20,8,21,8,21,0,21,8,8,8,8,8,8,8,8,0,8,0,8,0,8,8,62,8,10,9,62,62,62,62,67,85,87,0,0,0,34,0,0,0,0,0,0,0,0,0,0,0,0,0,0,0,7,0,0,0,0,0,0,0,0,0,0,0,0,0,0,0]} 1. e4 c6 2. Nc3 d5 3. Nf3 Bg4 4. h3 Bxf3 5. Qxf3 e6 6. d3 Nf6 7. Bd2 Nbd7 8. g4 g6 9. O-O-O {B11: Caro-Kann: Two Knights Variation} (9. g5 Nh5 10. O-O-O Bg7 11. Ne2 Qb6 12. d4 dxe4 13. Qxe4 O-O-O 14. c3 Qa5 15. Kb1 Qd5 16. Qxd5 exd5 {½-½ (47) Andreikin,D (2736)-Rozum,I (2590) Sochi 2016}) 9... Bg7 10. Qg3 {LiveBook: 5 Games} d4 $146 ({Predecessor:} 10... O-O 11. f4 b5 12. e5 Ne8 13. h4 f6 14. d4 c5 15. h5 cxd4 16. Nxb5 g5 {1-0 (43) Sutovsky,E (2624)-Gerzhoy,L (2473) Tromsoe 2014}) 11. Ne2 {White is better.} Qb6 12. Bg2 O-O-O 13. Kb1 Nc5 14. Nc1 a5 15. Nb3 (15. Rhf1 $16) 15... Nxb3 $11 16. cxb3 Nd7 17. Qf3 f6 18. Qe2 Qb5 19. Bc1 Nb6 ({Black should play} 19... Nc5 $11) 20. Qc2 $14 a4 21. h4 axb3 22. Qxb3 Qxb3 23. axb3 Kd7 24. f4 h6 25. Bd2 Ra8 26. f5 (26. Rdf1 $16) 26... g5 $11 27. Rh2 e5 28. Rdh1 Ke7 29. b4 Nd7 30. Bf3 b5 31. Bd1 Rac8 32. Bb3 Ra8 33. Ba2 Rab8 34. Be6 Nb6 35. Kc2 Ra8 36. Kb3 Kd6 $1 37. Kc2 Ke7 38. Bb3 Nd7 39. Kb1 Rab8 40. Be6 Nb6 41. Be1 Kd6 42. Bg3 Rbe8 43. Kc2 Ra8 44. Bb3 Nd7 45. Kb1 Rab8 46. Kc2 Ra8 $1 47. Kd2 Nb6 48. Ke2 Nd7 (48... Rhe8 $11) 49. Kf3 (49. Be1 $1 $14) 49... Nb6 50. Be6 Nd7 ({Better is} 50... Rhb8 $11) 51. Be1 $14 Nb6 52. Bd2 Ke7 53. Bc1 Kd6 54. b3 (54. Kf2 $16) 54... Ke7 55. Rc2 Kd6 56. Bxg5 (56. Bd2 {feels hotter.} Nd7 57. Rhc1 Ra6 58. Kg3 Nf8 59. Bf7) 56... hxg5 {The position is equal.} 57. Rhc1 {[#]} Rhc8 $1 58. Bxc8 Rxc8 59. hxg5 fxg5 60. Ra2 Ra8 61. Rac2 Rc8 62. Kg3 Bf6 63. Rh2 Ra8 64. Rhc2 Rc8 65. Ra2 Ra8 66. Ra5 Rh8 67. Ra7 Nd7 68. Rca1 Be7 69. Rc1 Bf6 70. Ra2 Nb8 71. Ra7 {Accuracy: White = 29%, Black = 61%.} 1/2-1/2

[Event "Saint Louis Invitational-A 2018"]
[Site "Saint Louis"]
[Date "2018.11.18"]
[Round "5"]
[White "Bivol, Alina"]
[Black "Ali Marandi, Cemil Can"]
[Result "0-1"]
[WhiteElo "2403"]
[BlackElo "2552"]
[Annotator "TA"]
[PlyCount "48"]
[EventDate "2018.11.16"]
[EventType "tourn"]
[EventCountry "USA"]
[SourceTitle "playchess.com"]
[Source "ChessBase"]
[SourceQuality "1"]

{[%evp 11,48,31,30,16,16,25,28,-20,-2,-27,-26,-60,-48,-106,-28,-93,-93,-89,-83,-75,-78,-139,-95,-172,-126,-155,-125,-127,-127,-351,-343,-394,-335,-331,-325,-785,-766,-1053,-1046]} 1. Nf3 f5 2. d3 {[%cal Bd2d3,Bd3d4][%mdl 32]} Nf6 3. e4 d6 4. exf5 (4. Nc3 Nc6 5. exf5 Bxf5 6. d4 Nb4 7. Bb5+ c6 8. Ba4 g6 9. O-O Bg7 10. Ne2 O-O 11. Ng3 Bd7 {1-0 (37) Ding,L (2777)-Zhang,Z (2634) China 2016}) 4... Bxf5 5. d4 Qd7 6. Bd3 {A04: Unusual lines after 1 Nf3 and King's Indian Attack} Nc6 {LiveBook: 4 Games} 7. Bxf5 Qxf5 8. O-O {The position is equal.} e5 9. dxe5 dxe5 {[%cal Bd6e5,Be5d4][%mdl 32]} 10. Nc3 Bd6 $146 ({Predecessor:} 10... Bc5 11. Bg5 e4 12. Bxf6 exf3 13. Re1+ Kf7 14. Bh4 Nd4 15. Ne4 Rhe8 16. Ng5+ Kg8 {½-½ (16) Mohammad,N (2380)-Pruijssers,R (2536) New Delhi 2018}) 11. Qe2 O-O-O 12. Nh4 (12. Be3 $15) 12... Qd7 ({Black should play} 12... Qe6 $1 $17 13. Be3 e4) 13. Be3 (13. Nf3 $11 {remains equal.}) 13... Nd4 $17 14. Bxd4 exd4 15. Nb5 {[#]} Bc5 $1 $36 {[%mdl 2048] Black is in control.} 16. a4 (16. b4 $142 Bxb4 17. Qc4) 16... a6 17. Qe5 (17. Qc4 $17 {was called for.} Qd5 18. Na3) 17... Nd5 {[%cal Bf6d5,Bd5e3,Be3d1][%mdl 32]} ({Weaker is} 17... axb5 18. Qxc5 b6 19. Qb4 $14 (19. Qxb5 Qxb5 20. axb5 Rhe8 $14)) 18. c4 dxc3 ({Don't play} 18... axb5 19. axb5 Kb8 20. cxd5 $15) 19. Nxc3 {Strongly threatening Rad1.} Rhe8 20. Qg3 $2 {[#]} (20. Qh5 $17 {is a better defense.} g6 21. Qg5) 20... Ne3 $1 $19 {[%mdl 512]} 21. Qg5 (21. fxe3 Rxe3) 21... Ba7 22. Rfe1 Nd1 {[%cal Re8e1]} 23. Qxd8+ $2 (23. Rxe8 Rxe8 24. h3 Bxf2+ 25. Kh2 Nxb2 26. Nf3) 23... Qxd8 {[%cal Re8e1]} 24. Rxe8 Bxf2+ {Precision: White =  6%, Black = 84%.} 0-1

[Event "Saint Louis Invitational-A 2018"]
[Site "Saint Louis"]
[Date "2018.11.19"]
[Round "6"]
[White "Ali Marandi, Cemil Can"]
[Black "Kevlishvili, Robby"]
[Result "1/2-1/2"]
[WhiteElo "2552"]
[BlackElo "2451"]
[Annotator "TA"]
[PlyCount "94"]
[EventDate "2018.11.16"]
[EventType "tourn"]
[EventCountry "USA"]
[SourceTitle "playchess.com"]
[Source "ChessBase"]
[SourceQuality "1"]

{[%evp 35,94,31,37,18,38,25,43,10,18,-27,18,0,0,-22,0,-20,-24,-17,-16,-31,-28,-10,-19,-21,-22,-25,27,-15,45,-32,49,82,54,56,62,84,56,72,116,109,100,86,125,12,384,173,173,173,158,0,83,0,0,0,0,0,0,0,0,0,0]} 1. e4 e5 2. Nf3 Nc6 3. Bb5 {[%cal Bf1b5,Bb5a4,Ba4b3][%mdl 32]} a6 4. Ba4 Nf6 5. O-O Be7 6. Re1 b5 7. Bb3 d6 8. c3 O-O 9. h3 Nb8 10. d4 Nbd7 11. Nbd2 Bb7 12. Bc2 Re8 13. Nf1 Bf8 14. Ng3 g6 15. Bg5 h6 16. Bd2 exd4 {C95: Closed Ruy Lopez: Breyer Variation with 10 d4} 17. cxd4 c5 18. d5 Bg7 {LiveBook: 7 Games. White is slightly better.} 19. Bf4 {[#]} Qe7 $146 ({Predecessor:} 19... Nb6 20. Qc1 Kh7 21. Rb1 Rc8 22. a3 a5 23. b3 Ba6 24. Qd2 {0-1 (69) Swiercz,D (2637)-Amin,B (2672) Martuni 2017}) 20. Qd2 Qf8 21. Rad1 Nb6 {[%cal Bd7b6,Bb6c4,Bc4b2][%mdl 32]} 22. Qc1 Rac8 23. Nf1 a5 {[%cal Ba6a5,Ba5a4][%mdl 32]} 24. N1h2 a4 25. Ng4 Nxg4 26. hxg4 Nc4 27. b3 Nb2 28. Rd2 axb3 29. axb3 c4 $1 {[%cal Rc4b3] Threatens to win with ...cxb3.} 30. Qb1 c3 ({Black should play} 30... b4) 31. Rde2 b4 (31... g5 $1 $11 32. Bg3 Be5) 32. Qc1 (32. e5 $1 $14) 32... Ra8 (32... g5 $15 33. Bg3 Be5) 33. e5 $1 $14 {[%cal Re5e6] Black must now prevent e6.} Bxd5 34. exd6 Rxe2 35. Rxe2 Qc8 36. Ne5 Qb7 37. Qe1 Bf8 (37... Bxg2 $2 38. Nxg6 $1 {[%mdl 512]} Rf8 39. Nxf8 $18) 38. d7 Rd8 (38... Bxg2 39. Bxh6 $1 {[%mdl 512]} Bf3 40. Bxf8 $16) 39. f3 (39. Qc1 $1 $16 Qb5 40. Re1 Rxd7 41. Nxd7 Qxd7 42. f3 (42. Bxh6 Bxg2 43. Bf5 Qd8 $18)) 39... Bc6 $2 {[%mdl 8192] [#]} (39... g5 $11 {and Black stays safe.} 40. Bg3 Be6) 40. Qh4 (40. Bxh6 $142 $1 {[%mdl 512]} Bxh6 41. Nxf7 $1 {[%mdl 512]} Qxd7 42. Nxh6+ Kf8 43. Re6 (43. Bxg6 Qd4+ 44. Re3 Qf4 $17) 43... Qd4+ 44. Kh1) 40... Rxd7 $18 41. Nxd7 Qxd7 42. Bxh6 $2 ({Only move:} 42. Qf6 $1 $16 {White threatens Be5 and mate.} Bg7 43. Qd6) 42... Bb5 {[#]} (42... Bxh6 $11 43. Qxh6 Bb5) 43. Re3 (43. Bxf8 $1 $16 {[%mdl 512]} Bxe2 (43... Kxf8 44. Qh8#) 44. Be7 Qd4+ 45. Kh1) 43... Bxh6 $11 {The position is equal.} 44. Qxh6 {Hoping for Qf4.} Qd2 45. Bxg6 Qd1+ $1 {[%mdl 64] Double Attack} 46. Kf2 {Intending Qh7+ and mate.} Qd2+ 47. Kg1 {White wants to mate with Qh7+.} Qd1+ $1 {[%mdl 64] Double Attack. Accuracy: White = 31%, Black = 41%.} 1/2-1/2

[Event "Saint Louis Invitational-A 2018"]
[Site "Saint Louis"]
[Date "2018.11.19"]
[Round "6"]
[White "Balakrishnan, Praveen"]
[Black "Boros, Denes"]
[Result "0-1"]
[WhiteElo "2409"]
[BlackElo "2442"]
[Annotator "TA"]
[PlyCount "74"]
[EventDate "2018.11.16"]
[EventType "tourn"]
[EventCountry "USA"]
[SourceTitle "playchess.com"]
[Source "ChessBase"]
[SourceQuality "1"]

{[%evp 19,74,12,18,27,38,14,14,29,22,19,12,-11,0,-79,0,-26,-25,-114,-113,-155,-149,-127,-124,-145,-116,-102,-105,-178,-186,-192,-146,-166,-147,-322,-336,-414,-418,-520,-545,-529,-499,-488,-476,-470,-469,-803,-785,-784,-794,-769,-783,-764,-755,-997,-979,-915,-892]} 1. e4 c5 2. Nf3 d6 3. d4 cxd4 4. Nxd4 Nf6 5. Nc3 Nc6 6. Bg5 e6 7. Qd2 Qb6 8. Nb3 a6 9. O-O-O Be7 10. f4 {[%cal Bf2f4,Bf4f5][%mdl 32]} O-O 11. Be2 {B66: Sicilian: Richter-Rauzer: 7...a6 8 0-0-0 h6} Rd8 12. g4 (12. Kb1 Qc7 13. h4 b5 14. Bf3 Bb7 15. Qe3 b4 16. Na4 Nd7 17. e5 d5 18. Nd4 Nxd4 19. Qxd4 Bxg5 20. hxg5 {1-0 (54) Almasi,Z (2721)-Romanov,E (2605) Warsaw 2010}) 12... Qc7 13. Bxf6 {The position is equal.} Bxf6 14. g5 Be7 15. f5 $146 ({Predecessor:} 15. Rhf1 b5 16. f5 b4 17. Nb1 a5 18. f6 Bf8 {0-1 (28) Clement,O (2185)-Relange,E (2505) Montpellier 1997}) 15... b5 ({Much weaker is} 15... exf5 $6 16. Nd5 $16) 16. Bd3 (16. Rhf1 $11) 16... Bf8 ({Black should try} 16... Ne5 $17 {Hoping for ...b4.} 17. Kb1 b4) 17. Ne2 Ne5 18. Nf4 {[#]} (18. Nbd4 $11 {remains equal.}) 18... d5 $1 $36 {[%cal Rd5e4][%mdl 2048] aiming for ...dxe4. Keeping White busy.} 19. exd5 exf5 ({Weaker is} 19... exd5 20. Rhf1 $11) 20. Rhf1 g6 21. Qa5 Nxd3+ 22. Rxd3 Qd6 23. Qc3 (23. Ne6 $17 {was called for.} Bxe6 24. dxe6) 23... Bd7 $19 24. Na5 {White wants to play Nb7.} b4 25. Qd2 {With the idea Nb7.} Re8 26. Re3 $2 {[#]} (26. Nc4 $17 Qc5 27. b3) 26... Bb5 27. Rff3 Re4 28. Ng2 Qxh2 {Black is clearly winning.} 29. Rxe4 fxe4 30. Re3 Re8 31. Nb3 Bd6 32. Qf2 (32. Re1 $142) 32... Re5 33. Qg3 Qxg3 34. Rxg3 Rxd5 35. Rg4 Be7 36. Rxe4 Bxg5+ 37. Ne3 f5 {Accuracy: White = 30%, Black = 91%.} 0-1